Score 0/18 Timer 02:00
0 Plays Today
Hint Missing Word % Correct
Alice in _____Wonderland
98.4%
_____ ScissorhandsEdward
96.9%
Charlie and the _____ FactoryChocolate
96.4%
Charlotte's _____Web
95.7%
Mission: _____Impossible
95%
_____ in BlackMen
87.2%
Pee-Wee's Big _____Adventure
85.7%
The _____ Before ChristmasNightmare
85.2%
Sleepy ______Hollow
78.5%
Hint Missing Word % Correct
Nacho _____Libre
73.5%
Batman _____Returns
70.2%
_____ FishBig
67.4%
Dick _____Tracy
61%
_____ BrideCorpse
54.3%
_____ BeautyBlack
48.8%
_____-ManSpider
47.9%
_____ DragonRed
29.6%
_____ WoodstockTaking
10.2%

Today's Daily Dose

Remove Ads.
Support Sporcle.
Get the best of Sporcle when you Go Orange. This ad-free experience offers more features, more stats, and more fun while also helping to support Sporcle. Thank you for becoming a member.

You're not logged in!

Compare scores with friends on all Sporcle quizzes.
OR
Log In

Show Comments

Extras

Top Quizzes Today


Score Distribution

Your Account Isn't Verified!

In order to create a playlist on Sporcle, you need to verify the email address you used during registration. Go to your Sporcle Settings to finish the process.

Report this User

Report this user for behavior that violates our Community Guidelines.

Details: